| 000 | 00849nam a2200205Ia 4500 | ||
|---|---|---|---|
| 999 |
_c9674 _d9674 |
||
| 005 | 20231009141536.0 | ||
| 008 | 231006s9999 xx 000 0 und d | ||
| 020 | _a978-99983-59-03-1 | ||
| 040 |
_aUPAN _cBiblioteca San Vicente _eRCAA90 |
||
| 041 | _aspa | ||
| 082 |
_a301.01 _bM425f _c2022 |
||
| 100 |
_aJosé Mata Gavidia _4aut. |
||
| 245 | 0 |
_aFilosofia de la cultura en Francisco Gavidia/ _bJosé Mata Gavidia |
|
| 250 | _a1 ºed. | ||
| 260 |
_aEl Salvador: _bUCA, _c2022 |
||
| 300 |
_a200 p. ; _c20 cm. |
||
| 505 | _aCapitulo primero. Prolegómenos a una filosofía de la cultura Capitulo segundo. Gavidia Magister Universalis Capitulo tercero. Transferencia cultural y educacion Capitulo cuarto. Poesía y cultura Capitulo quinto. Una filosofía propia o sea de la cultura | ||
| 650 |
_2LEMB _aCultura _xFilosofía |
||
| 942 |
_cBK _2ddc |
||